Ảnh hưởng của độ nhớt, tốc độ lắc và khoảng không đến tốc độ gia nhiệt trong trường hợp tiệt trùng sản phẩm dao động tịnh tiến : Luận văn thạc sĩ khoa học. Chuyên ngành Công nghệ thực phẩm

Các hình thức truyền nhiệt trong chế biến nhiệt thực phẩm, các yếu tố ảnh hưởng đến quá trình gia nhiệt,...

Kaydedildi:
Detaylı Bibliyografya
Yazar: Võ, Thành Tâm Phúc
Materyal Türü: Kitap
Dil:Undetermined
Baskı/Yayın Bilgisi: Cần Thơ Trường Đại học Cần Thơ 2012
Konular:
Etiketler: Etiketle
Etiket eklenmemiş, İlk siz ekleyin!
Thư viện lưu trữ: Trung tâm Học liệu Trường Đại học Cần Thơ
LEADER 01299nam a2200229Ia 4500
001 CTU_178050
008 210402s9999 xx 000 0 und d
082 |a 664.028 
082 |b Ph506 
088 |a 60540101 
100 |a Võ, Thành Tâm Phúc 
245 0 |a Ảnh hưởng của độ nhớt, tốc độ lắc và khoảng không đến tốc độ gia nhiệt trong trường hợp tiệt trùng sản phẩm dao động tịnh tiến : 
245 0 |b Luận văn thạc sĩ khoa học. Chuyên ngành Công nghệ thực phẩm 
245 0 |c Võ Thành Tâm Phúc ; Võ Tấn Thành (hướng dẫn khoa học) 
260 |a Cần Thơ 
260 |b Trường Đại học Cần Thơ 
260 |c 2012 
520 |a Các hình thức truyền nhiệt trong chế biến nhiệt thực phẩm, các yếu tố ảnh hưởng đến quá trình gia nhiệt,... 
650 |a Rapid thermal processing,Food,Nhiệt,Xử lý nhiệt nhanh,Thực phẩm,Heat 
650 |x Effect of heat on,Sự truyền nhiệt,Ảnh hưởng của nhiệt độ,Transmission 
904 |i Ngọc Huyền, Năm 
980 |a Trung tâm Học liệu Trường Đại học Cần Thơ